Normal view
MARC view
- Col Dr Shahid
Entry Personal Name
001 - CONTROL NUMBER
- control field: 50956
003 - CONTROL NUMBER IDENTIFIER
- control field: NUST
005 - DATE AND TIME OF LATEST TRANSACTION
- control field: 20210314134845.0
008 - FIXED-LENGTH DATA ELEMENTS
- fixed length control field: 210314|| aca||aabn | a|a d
040 ## - CATALOGING SOURCE
- Original cataloging agency: NUST
- Transcribing agency: NUST
100 ## - HEADING--PERSONAL NAME
- Personal name: Col Dr Shahid
670 ## - SOURCE DATA FOUND
- Source citation: Work cat.: (NUST): Muhammad Sarmad syn#19 50955, Development of OBE elevator , 2016.
